[Event "Zanja"]
[Site "http://www.queenalice.com/game.php?id=506049"]
[Date "2008.12.11"]
[Round "-"]
[White "elidionisio10"]
[Black "Tosta"]
[Result "0-1"]
[WhiteElo "1928"]
[BlackElo "2002"]

1. d4 Nf6 2. c4 g6 3. Nc3 Bg7 4. Nf3 d6 5. e4 Nbd7 6. Be2 O-O 7. O-O c5 8. d5
Re8 9. Re1 a6 10. a4 Nf8 11. h3 e5 12. a5 Nh5 13. Bg5 f6 14. Bd2 f5 15. exf5
Bxf5 16. g4 e4 17. Ng5 Ng3 18. fxg3 e3 19. gxf5 Qxg5 20. Kg2 exd2 21. Rf1 Re3
22. Rf3 Rae8 23. h4 Qh6 24. f6 Rxf3 25. Bxf3 Bxf6 26. Ne4 Bd4 27. Rb1 Qe3 28.
Qc2 Nd7 29. Rd1 Ne5 30. Nf6+ Kf7 31. Nxe8 Qxf3+ 32. Kh3 Qg4+ 33. Kg2 Qe2+ 34.
Kh3 Kxe8 35. Rxd2 Qf1+ 36. Rg2 Nf3 37. Qe2+ Qxe2 38. Rxe2+ Be5 39. Kg2 Nd4 40.
Rf2 Nb3 41. Rf3 Nxa5 42. b3 b5 43. Kh3 bxc4 44. bxc4 Nxc4 45. Rb3 h5 46. g4
hxg4+ 47. Kxg4 Kf7 48. h5 gxh5+ 49. Kxh5 a5 50. Rb7+ Kf6 51. Ra7 Bc3 52. Kg4 Ke5
53. Kf3 Kxd5 54. Ke2 Nb2 55. Rd7 a4 56. Ra7 Kc4 57. Ra6 d5 58. Rh6 a3 59. Rh1 d4
60. Ra1 d3+ 61. Ke3 Kb3 0-1

[Event "AUTO-OPEN-1245"]
[Site "http://www.queenalice.com/game.php?id=512198"]
[Date "2008.12.24"]
[Round "2"]
[White "Dom81"]
[Black "Tosta"]
[Result "1-0"]
[WhiteElo "1860"]
[BlackElo "1980"]

1. d4 Nf6 2. c4 g6 3. Nc3 Bg7 4. e4 d6 5. Nf3 O-O 6. Be2 Nbd7 7. O-O c5 8. d5 a6
9. h3 Ne5 10. Nxe5 dxe5 11. Be3 Ne8 12. Bxc5 Bd7 13. Be3 Nd6 14. Qb3 Qa5 15. Bb6
Qxc3 16. Qxc3 Nxe4 17. Qb4 Nd6 18. Bc7 Nf5 19. Qxb7 Nd4 20. Bd1 Bf5 21. Re1 1-0

[Event "AUTO-OPEN-1245"]
[Site "http://www.queenalice.com/game.php?id=512199"]
[Date "2008.12.24"]
[Round "2"]
[White "Tosta"]
[Black "Dom81"]
[Result "0-1"]
[WhiteElo "1959"]
[BlackElo "1922"]

1. Nf3 Nf6 2. g3 Nc6 3. Bg2 d5 4. d3 e5 5. Nbd2 h6 6. c4 e4 7. dxe4 dxe4 8. Ng1
Bf5 9. Qb3 Qd7 10. e3 Ne5 11. Qxb7 Nd3+ 12. Kf1 Rd8 13. Nxe4 Nxe4 14. Bxe4 Nc5
15. Bc6 Nxb7 16. Bxd7+ Rxd7 17. Kg2 Rd1 18. b3 Nc5 19. Bb2 Rd2 20. Bc3 Rc2 21.
Bd4 Ne4 22. Rf1 Nd2 0-1

[Event "AUTO-OPEN-1245"]
[Site "http://www.queenalice.com/game.php?id=512202"]
[Date "2008.12.24"]
[Round "2"]
[White "Sherlock6834"]
[Black "Tosta"]
[Result "0-1"]
[WhiteElo "1969"]
[BlackElo "1967"]

1. e4 d6 2. d4 Nf6 3. Nc3 g6 4. f4 Bg7 5. Nf3 Bg4 6. h3 Bxf3 7. Qxf3 Nbd7 8. Bc4
Nb6 9. Bb3 c6 10. O-O O-O 11. e5 Nfd5 12. f5 dxe5 13. dxe5 Bxe5 14. Bh6 Bg7 15.
Bxg7 Kxg7 16. Nxd5 Nxd5 17. Bxd5 Qxd5 18. Rad1 Qxf3 19. Rxf3 Rfd8 20. Rdf1 f6
21. fxg6 hxg6 22. Re1 Rd7 23. Rf2 Rad8 24. b3 e5 25. a4 Rd1 26. Kf1 R1d2 27. b4
Rxf2+ 28. Kxf2 Rd4 29. c3 Rd3 30. Re3 Rxe3 31. Kxe3 f5 32. c4 b6 33. g3 c5 34.
bxc5 bxc5 35. a5 Kf6 36. Kf3 e4+ 37. Ke3 Ke5 38. g4 f4+ 39. Ke2 g5 40. a6 Kd4
0-1

[Event "AUTO-OPEN-1245"]
[Site "http://www.queenalice.com/game.php?id=512203"]
[Date "2008.12.24"]
[Round "2"]
[White "Tosta"]
[Black "Sherlock6834"]
[Result "1-0"]
[WhiteElo "1942"]
[BlackElo "1965"]

1. Nf3 d5 2. g3 Nc6 3. Bg2 Nf6 4. d3 e5 5. Nbd2 Bc5 6. c4 O-O 7. O-O Bg4 8. a3
a5 9. cxd5 Nxd5 10. Nc4 f6 11. Qb3 b6 12. Be3 Bxe3 13. Nxe3 Be6 14. Nxe5 a4 15.
Nxc6 axb3 16. Nxd8 Raxd8 17. Nxd5 Bxd5 18. Rac1 Rf7 19. Rc3 Be6 20. Rc6 Bd5 21.
Bxd5 Rxd5 22. Rfc1 Re5 23. Kf1 Rfe7 24. e3 Rd5 25. d4 Rdd7 26. R1c3 Kf7 27. Rxb3
h5 28. h4 Re6 29. Rbc3 Rxc6 30. Rxc6 Ke8 31. Ke2 Kd8 32. Kf3 Re7 33. b4 Kd7 34.
b5 Re8 35. a4 Re6 36. Rxe6 Kxe6 37. e4 Kd6 38. Kf4 c6 39. bxc6 Kxc6 40. Kf5 1-0

[Event "Challenge"]
[Site "http://www.queenalice.com/game.php?id=527154"]
[Date "2009.1.22"]
[Round "-"]
[White "Tosta"]
[Black "jpot2503"]
[Result "1-0"]
[WhiteElo "1983"]
[BlackElo "1957"]

1. Nf3 d5 2. g3 c5 3. Bg2 Nc6 4. d3 Nf6 5. Nbd2 Bf5 6. c4 d4 7. O-O e5 8. Qb3
Qc7 9. Qb5 Bd6 10. a3 O-O 11. Rb1 Qd7 12. b4 a6 13. Qa4 cxb4 14. axb4 b6 15. Nh4
Bg4 16. Bxc6 Qc8 17. Bxa8 Qxa8 18. f3 Bh3 19. Ng2 Ng4 20. Ne4 Nh6 21. Bxh6 1-0

[Event "Challenge"]
[Site "http://www.queenalice.com/game.php?id=560312"]
[Date "2009.3.23"]
[Round "-"]
[White "Magico"]
[Black "Tosta"]
[Result "0-1"]
[WhiteElo "1529"]
[BlackElo "1998"]

1. d4 Nf6 2. c3 g6 3. Nf3 Bg7 4. Bg5 d6 5. Bxf6 Bxf6 6. Nbd2 O-O 7. Ne4 Bg7 8.
Qd3 Bf5 9. e3 d5 10. Qb5 dxe4 11. Qxb7 Nd7 12. Nh4 Nb6 13. Nxf5 gxf5 14. Be2 Qd7
15. Qa6 Rfc8 16. Bb5 c6 17. Be2 Qc7 18. Bc4 Rab8 19. Qa3 Nxc4 20. Qc5 Nxb2 21.
O-O Rb5 22. Qa3 Rcb8 23. c4 Nxc4 24. Qc1 Nb2 25. Qc2 Nd3 26. a4 Rb2 27. Qd1 c5
28. dxc5 Qxc5 29. a5 f4 30. h3 fxe3 31. Rc1 exf2+ 32. Kh1 Nxc1 0-1

[Event "Desafio #1"]
[Site "http://www.queenalice.com/game.php?id=619740"]
[Date "2009.7.16"]
[Round "-"]
[White "Aylton"]
[Black "Tosta"]
[Result "1-0"]
[WhiteElo "2000"]
[BlackElo "2000"]

1. d4 Nf6 2. Nf3 g6 3. e3 Bg7 4. c4 d6 5. Nc3 O-O 6. Be2 Nbd7 7. O-O c5 8. h3 a6
9. a3 Kh8 10. b4 b6 11. Bb2 Ng8 12. dxc5 dxc5 13. Qc2 Bb7 14. Rfd1 e6 15. Rd2
Qe7 16. Rad1 Rad8 17. b5 a5 18. Na4 Ngf6 19. Ne5 Nxe5 20. Bxe5 Rxd2 21. Rxd2 Ne4
22. Bxg7+ Kxg7 23. Rd1 1-0

[Event "Desafio #2"]
[Site "http://www.queenalice.com/game.php?id=619741"]
[Date "2009.7.16"]
[Round "-"]
[White "Tosta"]
[Black "Aylton"]
[Result "0-1"]
[WhiteElo "1984"]
[BlackElo "2016"]

1. Nf3 d5 2. g3 Nf6 3. Bg2 e6 4. d3 c5 5. Nbd2 Nc6 6. c4 Be7 7. O-O O-O 8. a3 h6
9. Kh1 b6 10. Re1 Bb7 11. Ng1 dxc4 12. Nxc4 Qc7 13. Nf3 Rad8 14. Bf4 Qc8 15. Qa4
Na5 16. Nxa5 bxa5 17. Qxa5 a6 18. Bc7 Rd7 19. Bb6 Nd5 20. Rac1 Nxb6 21. Qxb6
Rfd8 0-1

[Event "Challenge"]
[Site "http://www.queenalice.com/game.php?id=627167"]
[Date "2009.7.30"]
[Round "-"]
[White "Tosta"]
[Black "mat95"]
[Result "1-0"]
[WhiteElo "1973"]
[BlackElo "1929"]

1. Nf3 c5 2. d3 Nc6 3. c4 d6 4. g3 Nf6 5. Bg2 g6 6. b3 Bg7 7. Bb2 O-O 8. O-O a6
9. Nbd2 Qc7 10. a3 b5 11. Qc2 Bb7 12. a4 Nb4 13. Qc3 bxa4 14. Rxa4 Ne8 15. Qc1
Nf6 16. Ne1 Bxg2 17. Kxg2 Qc6+ 18. f3 Ng4 19. Bxg7 Kxg7 20. Ne4 f5 21. Ng5 Rf6
22. e4 Ne5 23. Qd2 h6 24. Nh3 fxe4 25. fxe4 Raf8 26. Rxf6 Rxf6 27. Qe2 Qd7 28.
Nf4 Nec6 29. Nf3 Qd8 30. Nd5 Nxd5 31. exd5 Nb4 32. d4 Qc8 33. Qxe7+ Rf7 34. Qxd6
Qf5 35. Qe5+ Qxe5 36. Nxe5 Rf8 37. dxc5 1-0

[Event "Challenge"]
[Site "http://www.queenalice.com/game.php?id=652079"]
[Date "2009.9.14"]
[Round "-"]
[White "Tosta"]
[Black "josimar"]
[Result "1-0"]
[WhiteElo "1987"]
[BlackElo "1881"]

1. Nf3 d5 2. g3 c5 3. Bg2 Nf6 4. d3 Nc6 5. Nbd2 e5 6. c4 Be6 7. O-O Be7 8. Qa4
O-O 9. a3 Qc7 10. cxd5 Nxd5 11. Nc4 f6 12. Bd2 a6 13. Qc2 Rac8 14. Rfc1 b5 15.
Ne3 1-0

[Event "Challenge"]
[Site "http://www.queenalice.com/game.php?id=668863"]
[Date "2009.10.18"]
[Round "-"]
[White "ORNELAS"]
[Black "Tosta"]
[Result "0-1"]
[WhiteElo "1670"]
[BlackElo "1999"]

1. d4 Nf6 2. d5 c5 3. c4 b5 4. b3 bxc4 5. bxc4 d6 6. Nf3 g6 7. g3 Bg7 8. Bg2 Ne4
9. O-O Bxa1 10. Qd3 Bf5 11. Be3 Nxg3 12. hxg3 Bxd3 13. Nbd2 Bg7 14. exd3 Qa5 15.
Bh3 Nd7 16. Ng5 Ne5 17. Kg2 Qxa2 18. Rb1 O-O 19. Ngf3 Nxd3 20. Bd7 Rab8 21. Bb5
a6 22. Bc6 Rxb1 23. Nxb1 Qxb1 24. Ng1 Rb8 25. Bd7 Nxf2 26. Bxf2 Rb2 27. Bg4 Qe1
28. Nh3 Bd4 29. Kf3 Bxf2 30. Nxf2 Rxf2# 0-1

[Event "Let's Play Chess!"]
[Site "http://www.queenalice.com/game.php?id=685627"]
[Date "2009.11.19"]
[Round "-"]
[White "Tosta"]
[Black "talisman77"]
[Result "1-0"]
[WhiteElo "2015"]
[BlackElo "1777"]

1. Nf3 c5 2. d3 d6 3. Nbd2 Bg4 4. g3 Nf6 5. Bg2 Bd7 6. c4 Nc6 7. O-O e5 8. a3
Be7 9. Rb1 O-O 10. b4 a6 11. bxc5 Rb8 12. cxd6 Bxd6 13. Qc2 Bf5 14. c5 Bc7 15.
Rd1 Nd4 16. Nxd4 exd4 17. Rxb7 Rc8 18. Qa4 Rb8 19. Qxa6 Bc8 20. Rxb8 Bxa6 21.
Rxd8 Rxd8 22. Nb3 Ng4 23. c6 Ne5 24. Bf4 Bb5 25. Nc5 Rc8 26. Rc1 Nxc6 27. Bxc7
Rxc7 28. a4 1-0

[Event "Let's Play Chess!"]
[Site "http://www.queenalice.com/game.php?id=685630"]
[Date "2009.11.19"]
[Round "-"]
[White "Davidziak95"]
[Black "Tosta"]
[Result "1-0"]
[WhiteElo "2118"]
[BlackElo "2021"]

1. d4 Nf6 2. c4 d6 3. Nf3 g6 4. Nc3 Bg7 5. e4 O-O 6. Be2 Bg4 7. O-O Nfd7 8. Be3
Bxf3 9. Bxf3 Nc6 10. d5 Na5 11. Qa4 b6 12. Rad1 Ne5 13. Be2 c5 14. f4 Nd7 15.
Qc2 Nb7 16. Rf3 Nf6 17. Rg3 a6 18. e5 Ne8 19. e6 f5 20. Qb3 Nf6 21. Qc2 Qc7 22.
Bf2 b5 23. cxb5 c4 24. b6 Qc8 25. Rc1 Nc5 26. Bf3 Rb8 27. Be2 Nfe4 28. Nxe4 Nxe4
29. Bxc4 Nxf2 30. Qxf2 Qc5 31. Qxc5 dxc5 32. Rb3 Rfd8 33. b7 Rd6 34. g3 Kf8 35.
Rc2 Ke8 36. g4 fxg4 37. h3 gxh3 38. Rh2 Kd8 39. Rbxh3 h6 40. Rg3 g5 41. Kf2 Kc7
42. fxg5 hxg5 43. Rh7 Bf6 44. Rf3 Rf8 45. Rf7 Rxf7 46. exf7 Rd8 47. Bxa6 Rf8 48.
d6+ Kxd6 49. Rb3 Kc7 50. b8=Q+ 1-0

[Event "Challenge"]
[Site "http://www.queenalice.com/game.php?id=686404"]
[Date "2009.11.20"]
[Round "-"]
[White "Tosta"]
[Black "jpot2503"]
[Result "1-0"]
[WhiteElo "2024"]
[BlackElo "1950"]

1. Nf3 Nf6 2. d3 d5 3. Nbd2 c5 4. c4 d4 5. b4 b6 6. g3 Bb7 7. bxc5 bxc5 8. Qb3
Qb6 9. Bg2 Qxb3 10. Nxb3 Nbd7 11. Rb1 e5 12. Na5 Bxf3 13. Bxf3 Rb8 14. Rb3 Rxb3
15. axb3 Be7 16. O-O O-O 17. Bd2 Rb8 18. Nc6 Re8 19. Nxa7 Bf8 20. Nc6 Rc8 21. b4
e4 22. dxe4 Rxc6 23. e5 Nxe5 24. Bxc6 Nxc6 25. b5 Ne5 26. Rc1 Bd6 27. b6 Nfd7
28. b7 Nc6 29. Ra1 f5 30. Bf4 Bxf4 31. gxf4 Kf7 32. e3 dxe3 33. fxe3 Ke7 34. h4
Kd6 35. Kf2 1-0

[Event "Challenge"]
[Site "http://www.queenalice.com/game.php?id=706197"]
[Date "2009.12.31"]
[Round "-"]
[White "li2carpio"]
[Black "Tosta"]
[Result "0-1"]
[WhiteElo "1981"]
[BlackElo "2009"]

1. e4 d6 2. Nf3 Nf6 3. Nc3 g6 4. Bc4 Bg7 5. O-O O-O 6. h3 c6 7. d4 b5 8. Be2
Nbd7 9. Bg5 b4 10. Nb1 Nxe4 11. Be3 c5 12. c3 a5 13. Nfd2 bxc3 14. bxc3 cxd4 15.
Nxe4 dxe3 16. fxe3 Qb6 17. Qc1 Bh6 18. Rf3 Bb7 19. Na3 Bxe4 20. Nc4 Qc5 21. Rg3
d5 22. Nd2 Bxe3+ 23. Kh1 Bf2 24. Rg4 Nf6 25. Nxe4 Nxe4 26. Bd3 Be3 27. Qc2 Nf2+
28. Kh2 Qd6+ 29. g3 Nxg4+ 30. hxg4 Rfc8 31. Re1 Bd4 32. c4 Rab8 33. Qc1 Rb2+ 34.
Kh3 Bf2 0-1

[Event "AUTO-OPEN-2080"]
[Site "http://www.queenalice.com/game.php?id=821992"]
[Date "2010.8.23"]
[Round "1"]
[White "forth_generation"]
[Black "Tosta"]
[Result "1-0"]
[WhiteElo "2408"]
[BlackElo "2076"]

1. e4 d6 2. d4 Nf6 3. Nc3 e5 4. Nf3 Nbd7 5. Bc4 exd4 6. Qxd4 Nb6 7. Bb3 Be7 8.
O-O O-O 9. a4 a5 10. Rd1 Bg4 11. Qe3 Nbd7 12. h3 Bh5 13. g4 Bg6 14. g5 Ne8 15.
Nh4 Nc5 16. Bc4 Ne6 17. Nxg6 hxg6 18. f4 c6 19. Qf2 N8c7 20. Be3 Qd7 21. Qg3 b5
22. axb5 cxb5 23. Bd5 Nxd5 24. Nxd5 Qb7 25. f5 Nc5 26. f6 1-0

[Event "AUTO-OPEN-2080"]
[Site "http://www.queenalice.com/game.php?id=821993"]
[Date "2010.8.23"]
[Round "1"]
[White "Tosta"]
[Black "forth_generation"]
[Result "0-1"]
[WhiteElo "2037"]
[BlackElo "2403"]

1. Nf3 f5 2. c4 Nf6 3. Nc3 e6 4. d3 h6 5. h4 Nc6 6. Bd2 d5 7. b3 d4 8. Na4 e5 9.
g3 e4 10. Nh2 Ba3 11. Rb1 Qe7 12. e3 dxe3 13. Bxe3 Bb4+ 14. Ke2 Nd4+ 0-1

[Event "AUTO-OPEN-2080"]
[Site "http://www.queenalice.com/game.php?id=822020"]
[Date "2010.8.23"]
[Round "1"]
[White "Tosta"]
[Black "Clemente"]
[Result "1-0"]
[WhiteElo "2074"]
[BlackElo "1536"]

1. Nf3 c5 2. c4 d5 3. cxd5 Qxd5 4. Nc3 Qc6 5. g3 e6 6. Bg2 Nf6 7. O-O b5 8. Nh4
Nd5 9. Qb3 Ba6 10. Nxd5 exd5 11. Bxd5 c4 12. Qe3+ Be7 13. Bxc6+ Nxc6 14. Nf5 Rg8
15. b3 Bc8 16. Ba3 Bxf5 17. Rac1 Be6 18. Bxe7 Nxe7 19. Qc5 a6 20. bxc4 bxc4 21.
d3 Rc8 22. Qb4 Nc6 23. Qa4 Ke7 24. Qxa6 Rgd8 25. Rc2 Nd4 26. Rxc4 Nxe2+ 27. Kg2
Bxc4 28. dxc4 f5 29. Re1 Ra8 30. Rxe2+ Kf8 31. Qb7 h5 32. Re7 g5 33. Rg7 1-0

[Event "AUTO-OPEN-2080"]
[Site "http://www.queenalice.com/game.php?id=822021"]
[Date "2010.8.23"]
[Round "1"]
[White "Clemente"]
[Black "Tosta"]
[Result "0-1"]
[WhiteElo "1527"]
[BlackElo "2035"]

1. c4 Nf6 2. Nc3 g6 3. d4 Bg7 4. d5 d6 5. e4 c6 6. dxc6 bxc6 7. Qf3 Nbd7 8. e5
Nxe5 9. Qd1 c5 10. a3 O-O 11. b4 Ned7 12. Qf3 Rb8 13. bxc5 Nxc5 14. Nh3 Qa5 15.
Qd1 Nfe4 16. Bd2 Nxc3 17. Bxc3 Qxc3+ 18. Ke2 Qxc4+ 19. Ke3 Qe4+ 20. Kd2 Bxa1 21.
Ng5 Rb2+ 22. Kc3 Rc2# 0-1

[Event "AUTO-OPEN-2080"]
[Site "http://www.queenalice.com/game.php?id=822022"]
[Date "2010.8.23"]
[Round "1"]
[White "Tosta"]
[Black "jaume1959"]
[Result "1-0"]
[WhiteElo "2037"]
[BlackElo "2124"]

1. Nf3 Nf6 2. d3 d5 3. Nbd2 c5 4. c4 e6 5. g3 Bd6 6. Bg2 O-O 7. O-O Nc6 8. a3 b6
9. b3 Bb7 10. Bb2 d4 11. b4 cxb4 12. axb4 Bxb4 13. Nxd4 1-0

[Event "AUTO-OPEN-2080"]
[Site "http://www.queenalice.com/game.php?id=822023"]
[Date "2010.8.23"]
[Round "1"]
[White "jaume1959"]
[Black "Tosta"]
[Result "0-1"]
[WhiteElo "2095"]
[BlackElo "2056"]

1. e4 d6 2. d4 Nf6 3. Bd3 e5 4. c3 Nbd7 5. Nf3 g6 6. O-O Bg7 7. Re1 O-O 8. h3
Re8 9. Na3 c6 10. Nc4 Qc7 11. Bg5 b5 12. Ncd2 d5 0-1